Psychofarmakoterapie dětského a dorostového věku

Gespeichert in:
Bibliographische Detailangaben
1. Verfasser: Paclt, Ivo
Weitere Verfasser: Florian, Jakub
Format: Buch
Sprache:Tschechisch
Veröffentlicht: Praha Grada Publishing 1998
Schlagworte:
Tags: Tag hinzufügen
Keine Tags, Fügen Sie das erste Tag hinzu!

MARC

LEADER 00000nam a2200000 4500
001 c103328
005 20221109094226.2
020 |a 80-7169-506-8 
041 0 |a cze 
044 |a CZ 
245 1 0 |a Psychofarmakoterapie dětského a dorostového věku  |c Ivo Paclt, Jakub Florian 
264 1 |a Praha  |b Grada Publishing  |c 1998 
300 |a 397 s. 
610 2 0 |a psychológia 
610 2 0 |a farmakológia 
610 2 0 |a drogy 
610 2 0 |a terapeutika 
100 1 |a Paclt, Ivo 
700 1 |a Florian, Jakub